Tom Holland - Roles by Picture - Statistics

General Stats
  • This quiz has been taken 38 times
  • The average score is 5 of 19
Answer Stats
Picture Answer % Correct
Spider-Man / Peter Parker
94%
Nathan Drake
58%
Cherry
48%
Lucas
45%
Arvin Eugene Russell
29%
Ian Lightfoot
29%
Todd Hewitt
26%
Isaac
16%
Jack Fawcett
16%
Jip
16%
Thomas Nickerson
16%
Walter Beckett
16%
Bradley Baker
13%
Danny Sullivan
13%
Samuel Insull
13%
Shô
13%
Brother Diarmuid
10%
Eddie Locke
6%
Gregory Cromwell
3%
No matching quizzes found
Score Distribution
Percent of People with Each Score
Percentile by Number Answered
Your Score History
You have not taken this quiz